Countries Bordering Countries that Border Germany - Statistics

General Stats
  • This quiz has been taken 144 times
  • The average score is 12 of 14
Answer Stats
Answer % Correct
Spain
98%
Italy
97%
Hungary
95%
Slovakia
95%
Slovenia
95%
Belarus
93%
Lithuania
93%
Ukraine
93%
Andorra
92%
Liechtenstein
91%
Russia
89%
Monaco
88%
Brazil
56%
Suriname
52%
No matching quizzes found
Score Distribution
Percent of People with Each Score
Percentile by Number Answered
Your Score History
You have not taken this quiz